[Event "Bad Woerishofen op"]
[Site "Bad Woerishofen"]
[Date "2001.??.??"]
[Round "2"]
[White "Maugg, Ludwig"]
[Black "Weber, Ludwig"]
[Result "1-0"]
[WhiteElo "2160"]
[BlackElo "1630"]
[Annotator "ChessOrg"]
[PlyCount "97"]
[EventDate "1998.03.05"]
[Source "ChessBase"]
[SourceDate "1998.04.29"]

1. d4 {E10: Blumenfeld-Gambit} 1... Nf6 2. c4 e6 3. Nf3 c6 4. Nc3 4... Bb4 {
letzter Buchzug} 5. e3 Ne4 6. Qc2 Qa5 (6... d5 $5 $14 $142) 7. Qxe4 $16 7...
Bxc3+ 8. Bd2 (8. bxc3 $5 8... Qxc3+ 9. Nd2 Qxa1 10. Qc2 $16) 8... Bxd2+ $11 9.
Nxd2 d6 10. Qc2 Nd7 11. Bd3 g6 12. O-O Nf6 13. c5 d5 14. Rab1 Qc7 (14... Qxa2
$4 15. Ra1 Qxa1 16. Rxa1 $18) 15. f4 Ng4 16. Rbe1 f5 17. h3 Nf6 18. Nf3 Qe7 19.
b4 O-O 20. a4 Bd7 21. b5 Rfc8 22. Ne5 Qe8 23. Rb1 Rab8 24. Rfc1 Qd8 25. Qd2 Be8
26. Rb3 Nd7 (26... Ne4 $5 27. Bxe4 27... dxe4 $14) 27. bxc6 $16 27... Nxe5 (
27... bxc6 28. Rxb8 Nxb8 29. Rb1 $16) 28. cxb7 $18 (28. fxe5 $6 28... Bxc6 29.
a5 29... Qg5 $14) 28... Rc7 29. fxe5 Bxa4 30. Ra3 Bc6 31. Rxa7 Rcxb7 32. Rxb7
Rxb7 33. Rb1 Qb8 34. Rxb7 Qxb7 35. Qa5 Qd7 36. Qb6 Kg7 37. Ba6 Kh6 38. Qb8 Kg7
39. Qd6 39... Kf7 $2 (39... Qe8 $18 $142) 40. Qxd7+ Bxd7 41. Bb7 h6 42. c6 Bxc6
43. Bxc6 g5 44. Kf2 Ke7 (44... h5 45. h4 gxh4 46. Kf3 $18) 45. Ba4 (45. Kf3 h5
46. g3 g4+ 47. hxg4 hxg4+ 48. Kf4 48... Kf8 $18) 45... Kf7 (45... h5 46. g3 $18
) 46. g3 (46. Kf3 h5 47. g3 g4+ 48. hxg4 hxg4+ 49. Kf4 49... Kg7 $18) 46... Ke7
(46... g4 47. hxg4 fxg4 48. e4 dxe4 49. Ke3 $18) 47. Kf3 g4+ (47... Kf7 $18)
48. hxg4 fxg4+ 49. Kf4 (49. Kf4 h5 50. Kg5 $18) 1-0

[Event "Bad Woerishofen op"]
[Site "Bad Woerishofen"]
[Date "2001.??.??"]
[Round "4"]
[White "Maugg, Ludwig"]
[Black "Stiepan, Hans-Michael"]
[Result "1/2-1/2"]
[WhiteElo "2160"]
[BlackElo "1839"]
[Annotator "ChessOrg"]
[PlyCount "51"]
[EventDate "1998.03.05"]
[Source "ChessBase"]
[SourceDate "1998.04.29"]

1. d4 {C06: Franzoesische Verteidigung (Tarrasch-Variante)} 1... e6 2. e4 d5 3.
Nd2 Nf6 4. e5 Nfd7 5. Bd3 c5 6. c3 Nc6 7. Ne2 cxd4 8. cxd4 f6 9. exf6 Nxf6 10.
Nf3 Bd6 11. O-O O-O 12. Bf4 Bxf4 13. Nxf4 Ne4 14. g3 Ng5 15. Be2 {
letzter Buchzug} 15... Bd7 (15... Nxf3+ $5 16. Bxf3 16... Qb6 $17) 16. Nxg5 $11
16... Qxg5 17. Qd2 (17. h4 Qh6 18. Bb5 Rxf4 19. gxf4 19... Rf8 $17) 17... Qf6 (
17... Rxf4 18. h4 Qf6 19. Qxf4 Qxf4 20. gxf4 20... Nxd4 $11) 18. Rad1 $14 18...
Rac8 19. Bg4 Ne7 20. Rfe1 Nf5 21. Re5 g6 22. Bxf5 gxf5 23. Rde1 Rc6 24. Qe3
Rfc8 25. Nd3 R8c7 26. Nf4 (26. Nc5 $5 $16) 1/2-1/2

[Event "Bad Woerishofen op"]
[Site "Bad Woerishofen"]
[Date "2001.??.??"]
[Round "6"]
[White "Maugg, Ludwig"]
[Black "Dittler, Volkfried"]
[Result "1-0"]
[WhiteElo "2160"]
[BlackElo "1900"]
[Annotator "ChessOrg"]
[PlyCount "37"]
[EventDate "1998.03.05"]
[Source "ChessBase"]
[SourceDate "1998.04.29"]

1. d4 {E12: Damenindisch (Petrosjan-System und 4. oder 5.Lg5)} 1... Nf6 2. c4
e6 3. Nf3 b6 4. a3 Bb7 5. Nc3 d5 6. cxd5 Nxd5 7. Bd2 c5 8. Qc2 Nd7 9. e4 cxd4
10. Nxd4 Nxc3 11. Bxc3 11... Bc5 {letzter Buchzug} 12. Rd1 Qh4 13. Bb5 Rd8 (
13... O-O-O 14. Bc6 Nf6 15. O-O $11) 14. Nc6 (14. Nf3 $142 14... Qf4 15. Ne5
Bxe4 16. Qd2 (16. Rxd7 O-O (16... Bxc2 $4 17. Rxf7+ Rd7 18. Bxd7+ Kd8 19. Rxf4
$18) 17. Qe2 Bxf2+ 18. Qxf2 Qc1+ 19. Ke2 Qc2+ 20. Ke3 Qxf2+ 21. Kxf2 21... f6
$18) 16... Qxd2+ 17. Rxd2 $16) 14... Ra8 $4 (14... Bxf2+ $142 15. Kf1 Bxc6 16.
Bxc6 16... Bc5 $11) 15. g3 $18 15... Qg4 (15... Qh3 16. Ne5 16... Qg2 $18) 16.
Rxd7 $1 16... Qf3 17. O-O (17. Rd8+ $1 $142 17... Rxd8 18. Ne5+ Kf8 19. Nxf3
19... a6 $18) 17... Bxc6 18. Bxc6 Rc8 (18... O-O 19. Bxa8 19... Rxa8 $18) 19.
Rd3+ (19. Rd3+ Rxc6 20. Rxf3 $18) (19. Rc7+ Kf8 20. Rxc8+ Ke7 21. Rc7+ Kf8 22.
Qd2 Qxg3+ 23. hxg3 Kg8 24. Rc8+ Bf8 25. Rxf8+ Kxf8 26. Qd8#) 1-0

[Event "Bad Woerishofen op"]
[Site "Bad Woerishofen"]
[Date "2001.??.??"]
[Round "8"]
[White "Maugg, Ludwig"]
[Black "Platten, Herbert"]
[Result "1-0"]
[WhiteElo "2160"]
[BlackElo "1900"]
[Annotator "ChessOrg"]
[PlyCount "79"]
[EventDate "1998.03.05"]
[Source "ChessBase"]
[SourceDate "1998.04.29"]

1. d4 {E12: Damenindisch (Petrosjan-System und 4. oder 5.Lg5)} 1... e6 2. c4
Nf6 3. Nf3 b6 4. a3 Bb7 5. Nc3 d5 6. cxd5 Nxd5 7. Bd2 Nf6 8. Bg5 {
letzter Buchzug} 8... h6 9. Bh4 Be7 10. e3 Nbd7 11. Bd3 a6 12. O-O g5 13. Bg3
Nh5 14. e4 (14. Be5 14... Rf8 $11) 14... Nxg3 15. hxg3 b5 (15... c5 16. d5 $15)
16. Qe2 h5 17. Rad1 c6 18. d5 (18. Bc2 18... h4 $11) 18... e5 (18... cxd5 $5
19. exd5 Bxd5 20. Nxd5 exd5 21. Nxg5 21... Nf6 $11) 19. dxc6 Bxc6 20. Bc2 f6
21. Nd5 Kf8 22. Nh2 Kg7 (22... h4 $5 $11) 23. Rfe1 Bc5 24. Nf1 h4 25. g4 Ra7
26. Nfe3 Qf8 (26... Bxe3 27. Nxe3 (27. fxe3 $143 27... Rf8 $11) 27... Rc7 28.
Rd6 $14) 27. Nf5+ $16 27... Kg6 $2 (27... Kh7 $16 $142) 28. b4 $18 28... Bxd5 (
28... h3 29. gxh3 Rxh3 30. bxc5 $18) 29. exd5 (29. Rxd5 $6 29... Bb6 $16) (29.
bxc5 Bc4 30. Qf3 30... Nxc5 $17) 29... Bb6 30. Qe4 (30. Nxh4+ $142 30... Kg7
31. Ng6 $18) 30... Kf7 $16 31. d6 31... Bd8 $4 (31... Qa8 $142 32. Qd3 32...
Qe8 $16) 32. Bb3+ Ke8 33. Qd5 Qg8 34. Qxg8+ Rxg8 35. Bxg8 a5 (35... Nf8 36. Bd5
$18) 36. Rd5 axb4 37. axb4 Bb6 38. Rc1 Kd8 (38... Ra8 39. Rxb5 Rb8 40. Be6 $18)
39. Rxb5 Ra2 (39... Ra8 40. Bf7 40... e4 $18) 40. Bxa2 (40. Bxa2 e4 41. Be6 e3
42. Ra1 exf2+ 43. Kf1 Ke8 44. Ra8+ Bd8 45. Rbb8 Nxb8 46. Rxb8 h3 47. d7+ Kf8
48. Rxd8#) 1-0

[Event "Bad Woerishofen op"]
[Site "?"]
[Date "2001.??.??"]
[Round "1"]
[White "Mauss, Ernst"]
[Black "Maahs, Erich"]
[Result "0-1"]
[WhiteElo "1793"]
[BlackElo "2199"]
[Annotator "ChessOrg"]
[PlyCount "52"]
[EventDate "2000.??.??"]

1. e4 {B01: Skandinavische Verteidigung} 1... d5 2. exd5 Nf6 3. d4 Nxd5 4. Nf3
Bg4 5. Be2 e6 6. O-O Be7 7. c4 Nb6 8. b3 {letzter Buchzug} 8... O-O 9. Be3 N8d7
10. Nc3 c6 11. Qd2 Nf6 12. Rfd1 Bb4 13. Qc2 Bxc3 (13... Bf5 14. Qb2 $11) 14.
Qxc3 $14 14... Ne4 15. Qc2 f5 16. Ne5 (16. Re1 $16 $142) 16... Bxe2 $15 17.
Qxe2 Nc3 18. Qf3 Nxd1 19. Rxd1 Nd7 20. Nd3 Nf6 21. Nc5 Qe7 22. Bf4 b6 23. Na6
Rac8 24. c5 (24. Qe3 24... Rfe8 $17) 24... Qb7 25. Qe2 Rfe8 26. Be5 (26. Re1 $5
$19 $142) 26... Nd5 (26... Nd5 27. cxb6 27... axb6 $19) 0-1

[Event "Bad Woerishofen op"]
[Site "Bad Woerishofen"]
[Date "2001.??.??"]
[Round "3"]
[White "Mauss, Ernst"]
[Black "Pohlers, Juergen"]
[Result "0-1"]
[WhiteElo "1793"]
[BlackElo "2129"]
[Annotator "ChessOrg"]
[PlyCount "62"]
[EventDate "1998.03.05"]
[Source "ChessBase"]
[SourceDate "1998.04.29"]

1. e4 {B31: Sizilianisch (Rossolimo-Variante)} 1... c5 2. Nf3 Nc6 3. Bb5 g6 4.
O-O Bg7 5. c3 e5 6. d3 Nge7 7. Nbd2 {letzter Buchzug} 7... O-O 8. Nc4 d6 9. h3
Nb8 10. d4 (10. Ne3 $5 $11 $142) 10... a6 $17 11. Qa4 exd4 (11... axb5 $6 12.
Qxa8 bxc4 13. Qxb8 $11) (11... cxd4 $6 12. cxd4 exd4 13. Rd1 $17) 12. cxd4 axb5
(12... d5 $5 $142 13. Ncd2 13... cxd4 $17) 13. Qxa8 $11 13... Na6 14. Na3 (14.
Ncd2 $142 14... Qc7 15. d5 $11) 14... Qb6 $17 15. Nxb5 Qxb5 16. a4 Qa5 (16...
Qb4 17. Bd2 Qb3 18. Ra3 Qxb2 19. Raa1 $19) 17. Bd2 (17. dxc5 $142 17... dxc5
18. Bf4 $19) 17... Qc7 18. b4 $2 (18. a5 Nc6 19. d5 $19) 18... Bd7 (18... cxd4
$6 19. Rfc1 Nc6 20. b5 $19) (18... Nxb4 $6 19. Bxb4 Nc6 20. dxc5 Bxh3 21. cxd6
$19) 19. Qxf8+ Kxf8 20. bxc5 (20. b5 20... Nb4 $19) 20... dxc5 21. Ra2 (21.
Rac1 Bxa4 22. Rfe1 22... c4 $19) 21... cxd4 22. Rc1 Bc6 23. g3 (23. a5 23...
Qd7 $19) 23... h6 24. e5 (24. Bf4 Qd7 25. Re1 25... Qxh3 $19) 24... Bxf3 (24...
Qd7 $142 25. Ra3 25... d3 $19) 25. Rxc7 Nxc7 26. Ra3 Bc6 27. f4 Ke8 28. Ba5 (
28. a5 28... Ned5 $19) 28... Ncd5 29. Rd3 Bxa4 30. Rxd4 Bc6 (30... Bd7 31. h4
$19) 31. g4 (31. Kf2 31... f6 $19) 31... g5 (31... g5 32. Bd2 gxf4 33. Bxf4
Nxf4 34. Rxf4 34... Bxe5 $19) 0-1

[Event "Bad Woerishofen op"]
[Site "Bad Woerishofen"]
[Date "2001.??.??"]
[Round "5"]
[White "Mauss, Ernst"]
[Black "Semmler, Guenter"]
[Result "0-1"]
[WhiteElo "1793"]
[BlackElo "2111"]
[Annotator "ChessOrg"]
[PlyCount "80"]
[EventDate "1998.03.05"]
[Source "ChessBase"]
[SourceDate "1998.04.29"]

1. e4 {B07: Pirc-Ufimzew-Verteidigung} 1... d6 2. d4 Nf6 3. Nc3 Nbd7 4. Bc4 e5
5. Nf3 Be7 6. O-O O-O 7. Bg5 {letzter Buchzug} 7... c6 8. Qd2 (8. Bb3 exd4 9.
Qxd4 9... Nc5 $11) 8... b5 $15 9. Bd3 Ng4 10. Ne2 a6 11. c3 Bxg5 12. Nxg5 h6
13. Nh3 c5 14. f4 exd4 15. cxd4 cxd4 16. Nxd4 Qb6 17. Bc2 Re8 18. Nf2 Nxf2 19.
Rxf2 Nf6 20. Re1 Bb7 21. Rfe2 Rac8 22. Re3 (22. Kh1 $5 $15) 22... Rc4 $17 23.
Rd1 Nxe4 24. Qd3 d5 25. Kf1 (25. Bb3 25... Rc7 $17) 25... Rec8 (25... Qc7 26.
Re2 Qxf4+ 27. Kg1 $19) 26. Bb3 Rc1 27. Nf5 (27. Ree1 $5 27... Nc5 28. Qf5 Nxb3
29. Nxb3 Rxd1 30. Rxd1 $17) 27... Rxd1+ (27... Qf6 28. g4 Qxb2 29. Re2 $19) 28.
Bxd1 (28. Qxd1 Qf6 29. g4 Qxb2 30. Ne7+ 30... Kf8 $19) 28... Qf6 29. g4 Rc1 30.
Ke1 $2 (30. Re2 g6 31. Ng3 Qxf4+ 32. Kg2 Qxg4 33. Qd4 $19) 30... Qxb2 31. Re2 (
31. Rxe4 dxe4 32. Qd8+ 32... Kh7 $19) 31... Qb4+ 32. Kf1 (32. Rd2 32... Ra1 $19
) 32... Rc3 (32... Qc4 $142 33. Qxc4 Rxd1+ 34. Re1 Rxe1+ 35. Kxe1 dxc4 36. Ne3
$19) 33. Rxe4 dxe4 (33... Rxd3 $6 34. Rxb4 Rxd1+ 35. Ke2 $19) (33... Qxe4 34.
Qxc3 Qh1+ 35. Ke2 Qxh2+ 36. Kd3 Qh3+ 37. Ne3 $16) 34. Qd8+ Kh7 35. Ne7 Qc4+ 36.
Be2 (36. Ke1 f6 37. g5 hxg5 38. fxg5 fxg5 39. Qe8 $19) 36... Rf3+ (36... Rc1+
37. Kf2 Qc5+ 38. Kg2 Rg1+ 39. Kh3 Qe3+ 40. Kh4 Qg3+ 41. hxg3 Rh1#) 37. Ke1 $19
37... Qc1+ 38. Bd1 (38. Qd1 Qe3 39. Qc2 $19) 38... Qc3+ 39. Qd2 39... Rf1+ $1
40. Ke2 Qf3# 0-1

[Event "Bad Woerishofen op"]
[Site "Bad Woerishofen"]
[Date "2001.??.??"]
[Round "7"]
[White "Mauss, Ernst"]
[Black "Grosser, Walter"]
[Result "0-1"]
[WhiteElo "1793"]
[BlackElo "2098"]
[Annotator "ChessOrg"]
[PlyCount "82"]
[EventDate "1998.03.05"]
[Source "ChessBase"]
[SourceDate "1998.04.29"]

1. e4 {B28: Sizilianisch (Fruehes a7-a6)} 1... c5 2. Nf3 a6 3. Be2 3... b5 {
letzter Buchzug} 4. O-O Bb7 5. d3 e6 6. b3 d6 7. Bb2 Nf6 8. Nbd2 Be7 9. Ng5 (9.
a4 9... b4 $11) 9... h6 10. Nh3 Nc6 11. f4 Nd4 12. Nf2 Qb6 13. c4 g5 14. Ng4 (
14. fxg5 hxg5 (14... Nxe2+ $2 15. Qxe2 hxg5 16. Ng4 $18) 15. Nf3 Nxf3+ 16. Bxf3
16... Rh4 $11) 14... Nxg4 15. Bxg4 gxf4 16. Rxf4 Bg5 17. Rf1 Rg8 18. Bxd4 (18.
Bh5 18... Rg7 $11) 18... cxd4 19. Bh5 Rg7 20. Kh1 Ke7 21. Qe2 Qc5 22. b4 (22.
Bf3 $5 $11 $142) 22... Qxb4 $17 23. Nf3 Qc5 24. cxb5 axb5 25. Nxg5 Qxg5 (25...
hxg5 26. Rac1 Qb6 27. Qf2 $16) 26. Rf2 Bc6 27. Raf1 Be8 28. Rf4 Ra7 29. g4 e5 (
29... Rc7 30. Qb2 $17) 30. R4f3 Kf8 (30... Rc7 31. h3 $17) 31. Qf2 (31. Qc2
31... b4 $15) 31... Kg8 (31... Rc7 32. h4 Qe7 33. Rf6 $17) 32. h4 Qd8 33. Rf6
d5 34. Rxh6 dxe4 35. dxe4 Qa8 36. Bg6 $4 (36. Qf5 $142 36... Rxa2 37. Rf6 $11)
36... Rxa2 (36... Rxg6 $142 37. Rxg6+ fxg6 38. Qf8+ 38... Kh7 $19) 37. Qf5
37... Qa3 $4 (37... Ra1 38. Kh2 Rxf1 39. Bh7+ Kf8 40. Qxf1 Qa2+ 41. Kh1 $19)
38. g5 $4 (38. Bxf7+ $142 38... Bxf7 39. Qc8+ Qf8 40. Rh8+ Kxh8 41. Qxf8+ Bg8
42. Rf5 $18) 38... Qb3 $4 (38... Rxg6 39. Rxg6+ fxg6 40. Qe6+ 40... Kh7 $11)
39. Bh7+ (39. Qc8 $142 39... Ra8 40. Bh7+ Rxh7 41. Qxa8 Qh3+ 42. Kg1 Qg3+ 43.
Kh1 Qh3+ 44. Kg1 Qg3+ 45. Kh1 45... Qh3+ $11) 39... Kf8 $19 40. Bg6 $4 (40. Rf2
$19) 40... Rxg6 41. Rxg6 Qg3 (41... Qg3 42. Rf2 Rxf2 43. Qxf2 43... Qxf2 $19)
0-1

[Event "Bad Woerishofen op"]
[Site "Bad Woerishofen"]
[Date "2001.??.??"]
[Round "9"]
[White "Mauss, Ernst"]
[Black "Camilleri, Stephen"]
[Result "0-1"]
[WhiteElo "1793"]
[BlackElo "2084"]
[Annotator "ChessOrg"]
[PlyCount "102"]
[EventDate "1998.03.05"]
[Source "ChessBase"]
[SourceDate "1998.04.29"]

1. e4 {A08: Koenigsindisch im Anzug} 1... c5 2. Nf3 e6 3. d3 d5 4. Nbd2 Nc6 5.
g3 Nf6 6. Bg2 Be7 7. O-O O-O 8. e5 Nd7 9. Re1 Qc7 10. Qe2 b5 11. b3 {
letzter Buchzug} 11... a5 12. c4 bxc4 13. dxc4 (13. bxc4 13... Rb8 $11) 13...
Ba6 $15 14. Bb2 Rab8 15. Rec1 d4 16. Re1 Nb4 17. Rec1 Bb7 18. Nb1 (18. a3 18...
Na6 $15) 18... d3 (18... Bxf3 19. Bxf3 Nxe5 20. Be4 $17) 19. Qd2 (19. Qe3 Nc2
20. Rxc2 20... dxc2 $17) 19... Nc2 20. Qxd3 Nxa1 21. Bxa1 Bxf3 22. Qxf3 Nxe5
23. Qc3 (23. Qh5 23... Ng6 $17) 23... Bf6 $19 24. Qe1 $2 (24. Na3 Ng6 25. Qf3
Bxa1 26. Rxa1 26... Qe5 $19) 24... Rfd8 (24... Nd3 $5 25. Qe3 Nxc1 26. Bxf6
gxf6 27. Qxc1 $19) 25. Bxe5 Bxe5 26. Nc3 Bxc3 27. Qxc3 Rd4 28. h3 Rbd8 29. Rc2
Rd3 30. Qb2 Qd6 31. a3 (31. Bf1 Rd1 32. Rc1 32... Rd2 $19) 31... Qb6 (31... Qb8
32. Rc3 Qe5 33. Rxd3 Qe1+ 34. Bf1 Rxd3 35. Qe2 Qxe2 36. Bxe2 Rxb3 37. a4 $19)
32. b4 (32. Rc3 Rd1+ 33. Kh2 33... a4 $19) 32... axb4 33. axb4 Qxb4 34. Qxb4
cxb4 35. c5 (35. Rb2 Rd1+ 36. Bf1 36... Rb8 $19) 35... Rc3 (35... Rd2 36. Rc4
R8d4 37. Rxd4 Rxd4 38. c6 $19) 36. Rb2 Rxc5 37. Rxb4 Rc1+ 38. Kh2 g6 39. Rb2
Rcd1 40. h4 R1d2 41. Rxd2 Rxd2 42. Kg1 Kg7 43. Bf3 f5 44. Bb7 Kf6 45. Kf1 g5 (
45... e5 46. Ke1 Rb2 47. Bc6 $19) 46. hxg5+ Kxg5 47. Bf3 (47. Kg2 47... h5 $19)
47... e5 48. Be2 (48. Ke1 48... Rb2 $19) 48... f4 (48... Rxe2 $5 49. Kxe2 Kg4
50. Ke3 $19) 49. Ke1 (49. gxf4+ Kxf4 50. Bh5 $19) 49... Rxe2+ 50. Kxe2 fxg3 51.
fxg3 Kg4 (51... Kg4 52. Kf2 52... e4 $19) 0-1

[Event "Bad Woerishofen op"]
[Site "Bad Woerishofen"]
[Date "2001.??.??"]
[Round "2"]
[White "Mentel, Juergen"]
[Black "Baramidze, David"]
[Result "0-1"]
[WhiteElo "2024"]
[BlackElo "2265"]
[Annotator "ChessOrg"]
[PlyCount "66"]
[EventDate "1998.03.05"]
[Source "ChessBase"]
[SourceDate "1998.04.29"]

1. e4 {B22: Sizilianisch (Alapin 2.c3)} 1... c5 2. c3 d5 3. exd5 Qxd5 4. d4 Nf6
5. Nf3 Bg4 6. Be2 e6 7. h3 Bh5 8. Na3 a6 9. Nc2 9... cxd4 {letzter Buchzug} 10.
Ncxd4 Bc5 11. Be3 Nbd7 12. O-O O-O 13. Nd2 Bxe2 14. Qxe2 Rfd8 15. Rfd1 Ba7 16.
N2b3 Qe4 17. Qc2 Ne5 18. Qe2 Rac8 19. Nd2 Qd3 20. Qe1 Qg6 21. N2f3 Bxd4 22. Nh4
(22. Nxd4 $4 22... Rxd4 23. Qe2 Rxd1+ 24. Rxd1 24... Nd5 $19) 22... Qh5 23.
Bxd4 (23. cxd4 $143 23... Nc4 (23... Qxh4 $6 24. dxe5 Nd5 25. Rac1 $11) 24. Nf3
24... Nxb2 $17) 23... Nc4 24. Nf3 Nxb2 25. Rdb1 Nd3 26. Qe3 Nc5 27. g4 $4 (27.
Bxc5 $142 27... Qxc5 28. Qxc5 Rxc5 29. Rxb7 $17) 27... Qxh3 $19 28. Bxc5 (28.
Bxf6 Qxg4+ 29. Kh2 Qh5+ 30. Nh4 gxf6 31. Qf4 $19) 28... Qxg4+ 29. Kf1 Nd5 30.
Qg5 Qxf3 31. Bd4 f6 32. Qd2 (32. Qg2 Qxg2+ 33. Kxg2 $19) 32... Nf4 33. Qe3 Qh1#
0-1

[Event "Bad Woerishofen op"]
[Site "Bad Woerishofen"]
[Date "2001.??.??"]
[Round "4"]
[White "Mentel, Juergen"]
[Black "Platten, Herbert"]
[Result "1-0"]
[WhiteElo "2024"]
[BlackElo "1900"]
[Annotator "ChessOrg"]
[PlyCount "85"]
[EventDate "1998.03.05"]
[Source "ChessBase"]
[SourceDate "1998.04.29"]

1. e4 {C01: Franzoesische Verteidigung (Abtauschvariante)} 1... e6 2. d4 d5 3.
exd5 exd5 4. Nf3 Bd6 5. c4 c6 6. Nc3 Ne7 7. Bd3 Bg4 8. h3 {letzter Buchzug}
8... Bh5 9. Bg5 f6 10. Be3 O-O (10... dxc4 11. Bxc4 Nd7 12. O-O $11) 11. Qc2 (
11. Qb3 Qb6 12. Qc2 dxc4 13. Bxh7+ 13... Kh8 $14) 11... Bg6 (11... Bxf3 $5 12.
gxf3 12... Kh8 $11) 12. Bxg6 $16 12... hxg6 13. cxd5 cxd5 14. Qb3 Nbc6 (14...
Kh7 15. h4 $16 (15. Nxd5 Nxd5 16. Qxb7 Nxe3 17. fxe3 Bg3+ 18. Kd1 18... Nd7 $17
) (15. Qxb7 $6 15... Nbc6 $16)) 15. Nxd5 (15. Qxb7 Nb4 16. Rb1 16... a6 $17)
15... Nxd5 16. Qxd5+ Kh8 17. O-O-O Rc8 18. Kb1 Ne7 (18... Qe7 19. Bd2 $16) 19.
Qb3 (19. Qxb7 Qa5 20. Qe4 20... Rb8 $18) 19... Qd7 20. Rc1 Rc6 21. Rxc6 bxc6
22. Rc1 Rb8 23. Qd3 a5 24. Nd2 a4 25. Nc4 Bb4 26. a3 Bd6 27. Qc2 Rb3 28. Nd2
Rb8 29. Qxa4 Qb7 30. Rc2 Ra8 31. Qb3 Qd7 32. Nc4 (32. Qf7 Rb8 33. Ne4 33... Qc7
$18) 32... Rb8 33. Qd3 Bc7 34. Nd2 f5 35. g3 Qd5 (35... Rb5 36. Qc4 $18) 36.
Qc4 Qh1+ 37. Rc1 Qg2 38. Qc5 (38. Qf7 Nd5 39. Rxc6 Nxe3 40. Rxc7 Qh1+ 41. Ka2
Qd5+ 42. Nb3 Qxf7 43. Rxf7 43... Kg8 $18) 38... Re8 (38... Nd5 39. Qxc6 Ba5 40.
Qe6 $18) 39. Nc4 (39. h4 39... Kh7 $18) 39... Qe4+ (39... Nd5 40. Nd6 (40. Qxc6
$2 40... Nc3+ 41. Rxc3 41... Qxc6 $19) 40... Bxd6 41. Qxd6 Nxe3 42. fxe3 Rxe3
43. Rxc6 $18 (43. Qxg6 $6 43... Re2 44. Ka1 Rxb2 45. Qe8+ 45... Kh7 $11) (43.
Qxc6 $6 43... Qxg3 44. Qa8+ 44... Kh7 $18)) 40. Ka2 (40. Ka1 40... Qe6 $18)
40... Rb8 (40... Nd5 41. Re1 (41. Qxc6 $4 41... Nb4+ 42. axb4 42... Qxc6 $19)
41... Rb8 42. Ka1 (42. Qxc6 Nc3+ 43. bxc3 43... Qxc6 $19) 42... Nxe3 43. Rxe3
$18 (43. fxe3 $6 43... Bxg3 44. Rg1 44... Qf3 $16)) 41. Ne5 Bxe5 42. Qxe5 (42.
Qxe7 Rxb2+ 43. Kxb2 Bxd4+ 44. Bxd4 Qxe7 45. Rxc6 Qe2+ 46. Rc2 Qb5+ 47. Kc1
47... g5 $14) 42... Qd3 (42... Rb5 43. Qxe4 43... fxe4 $18) 43. Qxb8+ (43.
Qxb8+ Kh7 44. Qe5 $18) 1-0

[Event "Bad Woerishofen op"]
[Site "Bad Woerishofen"]
[Date "2001.??.??"]
[Round "6"]
[White "Mentel, Juergen"]
[Black "Becker, Alexander"]
[Result "0-1"]
[WhiteElo "2024"]
[BlackElo "1760"]
[Annotator "ChessOrg"]
[PlyCount "80"]
[EventDate "1998.03.05"]
[Source "ChessBase"]
[SourceDate "1998.04.29"]

1. e4 {B22: Sizilianisch (Alapin 2.c3)} 1... c5 2. c3 Nf6 3. e5 Nd5 4. d4 cxd4
5. Nf3 e6 6. cxd4 b6 7. Bd3 Bb7 8. O-O d6 9. Qe2 {letzter Buchzug} 9... Nd7 10.
Bd2 dxe5 11. Nxe5 Nxe5 (11... Qh4 12. Nxd7 Kxd7 13. Qe4 Qxe4 14. Bxe4 $15) 12.
dxe5 a6 13. Nc3 Nxc3 14. Bxc3 (14. bxc3 $143 14... Qd5 15. f4 15... Rd8 $15)
14... Qd5 15. f3 Bc5+ 16. Kh1 O-O 17. Rfd1 Qc6 18. Rac1 Qa4 19. b3 Qh4 20. Be1
Qg5 21. b4 Be3 22. Rc4 h5 (22... Bf4 23. Bd2 Bxd2 24. Rxd2 $14 (24. Qxd2 $6
24... Qxe5 25. Qf2 25... Rfb8 $11)) 23. Be4 Bxe4 24. Rxe4 (24. fxe4 $6 24...
Bf4 $11) 24... Bc1 25. Bf2 b5 (25... Rfd8 $16) 26. Qc2 $4 (26. Qe1 $142 26...
Rfc8 27. h4 $18) 26... Rac8 $11 27. Qb3 Rfd8 28. Rxd8+ Qxd8 29. Rd4 Qg5 30. Qd1
(30. Re4 Bf4 31. g3 31... Bd2 $11 (31... Bxe5 $143 32. f4 Bxf4 33. Rxf4 $16))
30... Qxe5 31. g3 Bb2 32. Rd8+ Rxd8 33. Qxd8+ Kh7 34. Qd3+ g6 35. Qd7 Kg7 36.
Kg2 Bc3 (36... Qe2 37. Qd6 $19) 37. Qd8 (37. Qd3 37... Ba1 $17) 37... Qd5 (
37... Qe2 38. a3 $19) 38. Qb6 $2 (38. Qxd5 $142 38... exd5 39. Bc5 $17) 38...
Qxa2 $19 39. Kh3 Bf6 40. Bc5 (40. Kg2 $19) 40... Qe2 (40... Qe2 41. Qxb5 axb5
42. Bf8+ Kxf8 43. f4 Qf1#) 0-1

[Event "Bad Woerishofen op"]
[Site "Bad Woerishofen"]
[Date "2001.??.??"]
[Round "8"]
[White "Mentel, Juergen"]
[Black "Reichenbacher, Gerhard"]
[Result "1-0"]
[WhiteElo "2024"]
[BlackElo "1836"]
[Annotator "ChessOrg"]
[PlyCount "108"]
[EventDate "1998.03.05"]
[Source "ChessBase"]
[SourceDate "1998.04.29"]

1. e4 {B22: Sizilianisch (Alapin 2.c3)} 1... c5 2. c3 d5 3. exd5 Qxd5 4. d4 Nc6
5. Nf3 Bg4 6. Be2 6... O-O-O {letzter Buchzug} 7. h3 (7. dxc5 Qxd1+ 8. Bxd1
8... e5 $14) 7... Bxf3 $15 8. Bxf3 Qe6+ 9. Be3 cxd4 10. cxd4 Nxd4 11. Qc1+ (11.
O-O Qb6 12. Qc1+ Kb8 13. Bf4+ Ka8 14. Bc7 Nxf3+ 15. Kh1 $16) 11... Kb8 $17 12.
Bd1 Nf5 13. Bb3 Qe5 14. O-O Nxe3 15. Re1 (15. Qxe3 Qxe3 16. fxe3 16... Nf6 $15)
15... e6 $15 16. Rxe3 Qf4 17. Nd2 Nf6 18. g3 Qh6 19. Kg2 Nd5 20. Rf3 f5 21. Nc4
Qf6 22. Qe1 Bc5 23. Rd1 Nb4 24. a3 Rxd1 25. Bxd1 Nc6 26. b4 Bd4 27. b5 Ne7 28.
Qb4 Rd8 29. Be2 Nd5 30. Qb3 (30. Qd2 e5 31. Rd3 31... Nc7 $17) 30... Nc3 (30...
e5 $5 31. Bd3 g6 32. Ne3 Bxe3 33. fxe3 $19) 31. Bf1 Ne4 32. a4 Ng5 33. Rd3 e5
34. Na5 Qb6 35. Nc4 Qc5 36. Na5 (36. Ne3 f4 37. Nf5 f3+ 38. Kh2 e4 39. Rxd4
Rxd4 40. Nxd4 40... Qxd4 $11) 36... Ka8 (36... f4 37. Rd2 $19) 37. f4 (37. Be2
37... Rc8 $17) 37... e4 (37... exf4 $5 $142 38. gxf4 38... Ne4 $19) 38. Rd1 $17
38... Nf3 39. Be2 Qb6 (39... Bf6 $5 $15) 40. Nc4 $11 40... Qc5 41. Na5 (41.
Bxf3 $143 41... exf3+ 42. Kf1 42... Qc7 $17) 41... Bf6 42. Rxd8+ $2 (42. Qf7
Rb8 43. Nc4 43... Nd4 $17) 42... Bxd8 43. Bxf3 exf3+ 44. Kxf3 Qc1 (44... Kb8
45. Nc4 $15) 45. Nc4 (45. Qc4 $5 $142 45... Qh1+ 46. Kf2 Bb6+ 47. Ke2 Qg2+ 48.
Kd1 Qg1+ 49. Kc2 $11) 45... Qf1+ $17 46. Ke3 Be7 (46... g5 47. Qd3 gxf4+ 48.
gxf4 Qxh3+ 49. Kd2 Qh2+ 50. Ke3 Qg3+ 51. Ke2 Qg4+ 52. Qf3 Bc7 53. Qxg4 53...
fxg4 $11) 47. Kd4 $11 47... Qg1+ (47... Qxh3 48. Ne5 Bc5+ 49. Kxc5 b6+ 50. Kd6
Qh6+ 51. Kc7 Qd6+ 52. Kxd6 a5 53. Qg8+ Kb7 54. Nc6 g5 55. Qb8#) 48. Qe3 Bf6+
49. Kd5 Qd1+ 50. Ke6 Bd4 (50... Qd8 51. Ne5 $11) 51. Qd2 (51. Qa3 $142 51... a5
52. bxa6 Qe2+ 53. Ne5 Qxa6+ 54. Kxf5 g6+ 55. Kg5 $16) 51... Qa1 $4 (51... Qxd2
$142 52. Nxd2 52... Bf2 $14) 52. Qb4 (52. Qa5 $5 52... a6 53. bxa6 bxa6 54.
Qxa6+ 54... Kb8 $18) 52... a6 53. b6 (53. Kxf5 $6 53... Qh1 54. Qe7 Qb1+ 55.
Ke6 Qe4+ 56. Kf7 Qxe7+ 57. Kxe7 axb5 58. axb5 58... Kb8 $16) 53... Bc5 (53...
Bxb6 54. Nxb6+ (54. Qxb6 $6 54... Qxa4 55. Nd6 Qa2+ 56. Kxf5 Qd5+ 57. Kg4 Qe6+
58. Kf3 58... Qd7 $18) 54... Ka7 55. Nd7 Qa2+ 56. Kd6 $18) 54. Qxc5 Qf6+ 1-0